Random Questions II Quiz Stats

 Plays Quiz not verified by Sporcle

Challenge
Share
Tweet
Embed
Score 0/30 Timer 10:00
0 Plays Today
Question Answer % Correct
Who painted the Mona Lisa?Leonardo da Vinci
96%
What is the first word of the text of the US Constitution?We
88%
What is the two letter postal abbreviation for the state of Maine?ME
86%
What sense is most closely linked to memory? Smell
86%
What year was the movie 'Titanic' released?1997
84%
What Winter Olympic sport event requires players to slide stones at houses?Curling
82%
How many time zones are spanned by Russia?Eleven
76%
What year was google invented?1998
76%
What chain did Ray Kroc build?McDonald's
54%
What is the name of Earth's Supercontinent?Pangea
52%
What did Rumpelstiltskin spin into gold?Straw
50%
What name is usually given to bananas cultivated for cooking?Plantains
50%
Which is the southern most capital city?Wellington, New Zealand
46%
Who wrote the novel 'The Scarlet Letter'?Nathaniel Hawthorne
46%
What is the largest city in the US state of Montana?Billings
40%
Question Answer % Correct
What woman was arrested for voting in the 1872 election for U.S. president? Susan B. Anthony
38%
There are 4 balls in a Quidditch game. 2 bludgers, the golden snitch, and the what?Quaffle
34%
What is the name of Mars' smaller moon?Deimos
26%
What is the US state dance of Alabama?Square Dance
26%
Who was the first American in space?Alan Shepard
24%
What city is the Apple headquarters in?Cupertino, California
22%
What is the world's largest skyscraper at a height of 2,722 feet (830 m)?Burj Khalifa
20%
What is the currency of the country Albania?Albanian lek
18%
What is the oldest known vegetable?The pea
16%
What is the actual name of the giant human figures of Easter Island?Moai
12%
Which minister official did Ron Weasley impersonate in the Harry Potter series?Reginald Cattermole
10%
What does ZIP stand for in Zip Code?Zone Improvement Plan
10%
In what State is it illegal to smoke from a pipe after sunset?Rhode Island
8%
What is the 87th element of the Periodic Table of the Elements?Francium
8%
Who is the Greek goddess of snow?Khione
4%

You're not logged in!

Compare scores with friends on all Sporcle quizzes.
Join for Free
OR
Log In

You Might Also Like...

Show Comments

Extras

Created Nov 17, 2013ReportFavoriteNominate

Top Quizzes Today


Score Distribution

Your Account Isn't Verified!

In order to create a playlist on Sporcle, you need to verify the email address you used during registration. Go to your Sporcle Settings to finish the process.

Report this User

Report this user for behavior that violates our Community Guidelines.

Details: